1855 1368 1376 1547 1197 1720 1880 1261 1128 1910 1489 1344 1596 1995 1234 1391 1630 1445 1566 1135 1037 1991 1160 1814 1481 1625 1277 1108 1946 1987 1133 1268 1135 1769 1705 1465 1760 1660 1707 1208 1197 1158 1803 1348 1370 1929 1711 1266 1911 1548 1940 1357 1469 1618 1491 1364 1661 1163 1789 1212 1845 1662 1337 1402 1963 1864 1965 1601 1237 1609 1046 1416 1495 1170 1089 1443 1523 1490 1032 1108 1844 1898 1192 1241 1717 1158 1822 1470 1153 1601 1022 1177 1147 1407 1561 1175 1487 1212 1571 BCNSPRNW ULIB Ver.6.0+V

เปลี่ยนเป็นภาษาไทย

Change to English
 แสดงรายละเอียดบรรณานุกรม
  กลับหน้าหลัก

Brief Record : Get Marc (ISO 2709) : E-mail record : QR code < ปิดหน้าต่าง
LEADER : 00000nam 2200000uu 4500
001    13399123789
003     ULIB
008    141128s2556||||th 000 0 tha d
020    ^a9786169129042
060  4 ^aWJ300^bน672
245 00 ^aNephrology board review 2013 /^cบรรณาธิการ พงศธร คชเสนี,ธนันดา ตระการวนิช, เกรียงศักดิ์ วารีแสงทิพย์
250    ^aพิมพ์ครั้งที่ 1
260    ^aกรุงเทพฯ :^b[สมาคมโรคไตแห่งประเทศไทย],^c2556
300    ^av, 403 หน้า :^bภาพประกอบ
500    ^aหนังสือประกอบการประชุมวิชาการประจำปี 2556 Short Course inNephrology เรื่อง Nephrology Board Review Course 2013ในวันที่ 13-14 กรกฎาคม 2556 จัดโดย สมาคมโรคไตแห่งประเทศไทย
505 0  ^a--^tPrinciple of Sodium and Water Disorders --^tSolve the Puzzle of Potassium Disorders --^tStrategic Approach to Metabolic Acidosis and RTA --^tPractical Points of Metapolic Alkalosis --^tPitfalls in Menagement of Common Divalent lon Disorders --^tWhat the Intemists Should Know about Primary Glomerular Diseases --^tPractical Approach to Rapidly Progressive Glomerular Diseases --^tKidney Diseases in Pregnancy --^tupus Nephritis for Intemists --^tAcute Kidney Injury:2013 Update --^tToxic Nephropathy and Contrast-Induced Acute Kidney Injury --^tInvestigation and Option of Treatment for Renovascular Disease --^tCommon Cystic Kidney Diseases for Intemists --^tMedical Aspects fo Kidney Stones --^tNutrition and Kidney Disease --^tComprehensive Approach to Diabetic Kidney Disease
650  7 ^aโรคไต^xการวินิจฉัย
650  7 ^aโรคไต^xการรักษา
650  7 ^aไต^xโรค^xการวินิจฉัย
650  7 ^aไต^xโรค^xการรักษา
700 0  ^aพงศธร คชเสนี,^eบรรณาธิการ
700 0  ^aธนันดา ตระการวนิช,^eบรรณาธิการ
700 0  ^aเกรียงศักดิ์ วารีแสงทิพย์,^eบรรณาธิการ
710 2  ^aสมาคมโรคไตแห่งประเทศไทย
945    ^p500^l0^i22069
945    ^p500^l0^i22070
999    ^aทศพร เกษรทอง
รายการนี้ยังไม่มีแท็ก
คุณยังไม่ได้ล็อกอิน คุณสามารถมีกิจกรรมร่วมกับเว็บไซต์ได้ แต่ต้องล็อกอินก่อน ::
  ล็อกอิน

รายการสื่อสารสนเทศ

ลำดับที่ ประเภท เลขเรียก/บาร์โค้ด สถานที่ สถานะ
1. วิทยาศาสตร์การแพทย์ และสุขภาพ
หนังสือสำรอง
สถานะ=หนังสือสำรอง
WJ300 น672 ฉ.1 
  Barcode: 22069
ห้องสมุดวิทยาเขตนครสวรรค์
►หนังสือทั่วไป:l:General Books
บนชั้น
2. วิทยาศาสตร์การแพทย์ และสุขภาพ
วิทยาศาสตร์การแพทย์ และสุขภาพ
WJ300 น672 ฉ.2 
  Barcode: 22070
ห้องสมุดวิทยาเขตนครสวรรค์
►หนังสือทั่วไป:l:General Books
บนชั้น

รายการใกล้เคียง
    หัวเรื่อง [ไต โรค การวินิจฉัย]
    หัวเรื่อง [ไต โรค การรักษา]

BibComment


ยังไม่เคยถูกคอมเมนท์

คอมเมนท์ทรัพยากรรายการนี้
  คอมเมนท์: Nephrology board..


 Copyright 2026. Bcnsprnw @Library